Normal view
MARC view
- James T.Thurman
Entry Personal Name
001 - CONTROL NUMBER
- control field: 52106
003 - CONTROL NUMBER IDENTIFIER
- control field: NUST
005 - DATE AND TIME OF LATEST TRANSACTION
- control field: 20210421115312.0
008 - FIXED-LENGTH DATA ELEMENTS
- fixed length control field: 210421|| aca||aabn | a|a d
040 ## - CATALOGING SOURCE
- Original cataloging agency: NUST
- Transcribing agency: NUST
100 ## - HEADING--PERSONAL NAME
- Personal name: James T.Thurman
670 ## - SOURCE DATA FOUND
- Source citation: Work cat.: (NUST): James T.Thurman, Practical Bomb Scene Investigation(2ndEd.), 2011
